000 00613nam a2200205 u 4500
005 20231128063931.0
008 110907s2006 r 000 0 eng d
020 _a968167698X
035 _aUPN01000181727
049 _aCG
050 4 _aF1230
_bA4.8
100 1 _aAlva Ixtlilxóchitl, Fernando,
_d1578-1650
_929344
245 1 0 _aVisión de la conquista /
_cFernando de Alva Ixtlilxóchilt.
260 _aMéxico :
_bFCE,
_c2006.
300 _a83 p.
440 0 _aCentzontle
651 4 _aMéxico
_xHistoria
_yConquista, 1519-1540
_915544
650 4 _aIndígenas de México
_xHistoria
_912765
905 _aLibro
999 _c153830
_d153830